000 00644nam a22001937a 4500
999 _c11475
_d11475
003 AR-CdUCM
008 190404b ||||| |||| 00| 0 spa d
040 _aMUNICIPALIDAD PROVINCIAL DEL CUSCO
_cBIBLIOTECA MUNICIPAL DEL CUSCO
082 _a869.400 /
_bB229 / 1950
100 _aBarbara, Gesta
_928856
245 _aTrigo, estaño y mar /
260 _aLa Paz :
_bUltima Hora.
_c1950.
300 _a224 páginas ;
_c21 cm.
505 _aEscolio -- Aurora -- Aniversario de trigo --Cincuentenario del estaño -- Retorno del mar.
650 _aLiteratura.
_983
650 _aLiteratura boliviana.
_94271
942 _2ddc
_cLIBROS
945 _awfj